Osm let po válce rok 1953 v Československu
| Other Authors: | , |
|---|---|
| Format: | Book |
| Language: | Czech Slovak |
| PhysicalDescription: | 523 s. faks., fotogr., portréty 25 cm |
| Published: |
Praha České Budějovice
Ústav pro studium totalitních režimů Jihočeské muzeum v Českých Budějovicích
2014
|
| ISBN: | 9788087211984 9788087311387 |
| Edition: | 1. vyd. |
| Subjects: |
MARC
| LEADER | 00000cam a2200000 a 4500 | ||
|---|---|---|---|
| 001 | vtls010601175 | ||
| 003 | SK-MaSNL | ||
| 005 | 20260301050623.0 | ||
| 008 | 180601s2014 xr hoc g 001 0 cze | ||
| 015 | |a SNBZSA2014-002257 | ||
| 020 | |a 9788087211984 |q (viaz. : ÚSTR) | ||
| 020 | |a 9788087311387 |q (Jihočeské muzeum v Českých Budějovicích) | ||
| 035 | |a FDF4F713-3D49-4766-9390-12797FE52E9F | ||
| 035 | |a urn:nbn:sk:snk-am3h5oz | ||
| 035 | |a urn:nbn:sk:snk-am009vd6 | ||
| 040 | |a SNK |b slo |c SNK |e AACR2 | ||
| 041 | 0 | |a cze |a slo |b eng | |
| 044 | |a xr |c CZ | ||
| 072 | 7 | |a 94(437) |x Dejiny Česka a Slovenska |2 konspekt | |
| 080 | |a 321.74 |2 2001 | ||
| 080 | |a 323 |2 2001 | ||
| 080 | |a 2-6+316.72/.75 |2 2001 | ||
| 080 | |a 93/94 |2 2001 | ||
| 080 | |a (437) |2 2001 | ||
| 080 | |a (048.8:082) |2 2001 | ||
| 245 | 0 | 0 | |a Osm let po válce |b rok 1953 v Československu |c Jiří Petráš, Libor Svoboda (eds.) |
| 246 | 3 | 0 | |a Rok 1953 v Československu |
| 250 | |a 1. vyd. | ||
| 260 | |a Praha |b Ústav pro studium totalitních režimů |a České Budějovice |b Jihočeské muzeum v Českých Budějovicích |c 2014 | ||
| 300 | |a 523 s. |b faks., fotogr., portréty |c 25 cm | ||
| 504 | |a Bibliogr.: s. 480-501 ; bibliogr. odkazy ; reg. ; zoz. | ||
| 546 | |a Čiast. text v slov. | ||
| 546 | |a Res. angl. | ||
| 648 | 7 | |a 1948-1956 |2 SNKPH |9 298744 | |
| 648 | 7 | |a 1953 |2 SNKPH |9 284770 | |
| 650 | 0 | 7 | |a komunistický režim |z Československo |2 SNKPH |9 115155 |
| 650 | 0 | 7 | |a Communist regime |z Czechoslovakia |2 SNK |9 353654 |
| 651 | 7 | |a Československo |x spoločnosť a politika |y 1948-1956 |2 SNKPH |9 356538 | |
| 651 | 7 | |a Czechoslovakia |x society and policy |y 1948-1956 |2 SNKPHeng |9 356539 | |
| 651 | 7 | |a Czechoslovakia |x religious and cultural conditions |y 1948-1956 |2 SNKPHeng |9 356540 | |
| 651 | 7 | |a Československo |x náboženské a kultúrne pomery |y 1948-1956 |2 SNKPH |9 356541 | |
| 651 | 7 | |a Československo |x dejiny |y 1948-1956 |2 SNKPH |9 68417 | |
| 651 | 7 | |a Czechoslovakia |x History |2 SNKPHeng |9 125910 | |
| 655 | 7 | |a kolektívne monografie |2 SNKPH |9 249850 | |
| 655 | 7 | |a Collective monographs |2 SNKPHeng |9 125747 | |
| 700 | 1 | |a Petráš, Jiří, |d 1963- |4 edt |9 356542 | |
| 700 | 1 | |a Svoboda, Libor, |d 1970- |4 edt |9 168147 | |
| 919 | |a 978-80-87211-98-4 | ||
| 919 | |a 978-80-87311-38-7 | ||
| 958 | |a ZS | ||
| 958 | |a SK | ||
| 958 | |a CZ | ||
| 958 | |a NB | ||
| 999 | |c 601409 |d 603339 | ||
| 952 | |a SNK |b SNK |y VYP |7 0 |p 17A1119780 |o snkSC 160351 D1 |i snk2014/26092 |8 2 |g 11.34 |0 0 |1 0 |4 0 |d 2014-11-11 |l 0 |r 2026-02-23 15:54:41 |w 2026-02-23 | ||
| 952 | |a SNK |b SNK |y PREZ |7 0 |p 17A1113519 |o snkSC 160351 |i snk2014/15632 |8 4 |g 11.34 |0 0 |1 0 |4 0 |d 2014-06-05 |f 1 |l 0 |r 2025-08-22 00:00:00 |w 2026-02-23 | ||


